Normal view MARC view
  • Educación preescolar

Entry Materia

Number of records used in: 1

001 - NÚMERO DE CONTROL DEL REGISTRO

  • campo de control: 54555

003 - IDENTIFICADOR DE NUMERO DE CONTROL

  • campo de control: MX-MxUPN

005 - FECHA Y HORA DE LA ÚLTIMA TRANSACCIÓN

  • campo de control: 20241108170737.0

008 - DATOS DE LONGITUD FIJA

  • campo de control de longitud fija: 241108dn fnnn|babn n ana d

040 ## - FUENTE DE LA CATALOGACIÓN

  • Centro catalogador de origen: MX-MxUPN
  • Lengua de catalogación: spa

150 ## - ENCABEZAMIENTO - TEMÁTICO

  • Término de materia o nombre geográfico como elemento inicial: Educación preescolar
  • Subdivisión geográfica: Estado de México
  • Subdivisión de forma: Historia

670 ## - FUENTE EN LA QUE SE LOCALIZARON DATOS

  • Cita de la fuente: Autoridades BGTQ, 8 noviembre 2024 :
  • Información localizada: (Educación preescolar -- Estado de México -- Historia)

902 ## - CATALOGADOR

  • Catalogador: VíctorGodínez/081124